Get the Picture: US Border Cities Quiz Stats

 Plays Quiz Updated Jul 26, 2019

Score 0/20 Timer 02:30
3 Plays Today
Question Answer Wrong Answers
El Paso Mexico
96.2%
Canada
0.9%
Niagara Falls Canada
95.9%
Mexico
1.1%
Detroit Canada
94.9%
Mexico
2.3%
Naco Mexico
94.1%
Canada
3%
Laredo Mexico
93.9%
Canada
3.4%
San Diego Mexico
93.3%
Canada
4%
International Falls Canada
91.9%
Mexico
4.9%
Port Huron Canada
91.4%
Mexico
5.7%
Buffalo Canada
91.3%
Mexico
5.5%
Nogales Mexico
89.1%
Canada
7.9%
Alexandria Bay Canada
87.9%
Mexico
9.1%
Sault Ste. Marie Canada
87.5%
Mexico
9.4%
Mission Mexico
80.1%
Canada
16.9%
Derby Line Canada
71.6%
Mexico
25.3%
Brownsville Mexico
69.3%
Canada
27.9%
Hyder Canada
68.4%
Mexico
28.6%
Fort Covington Canada
59.1%
Mexico
37.7%
Pharr Mexico
50%
Canada
47%
Eagle Pass Mexico
44.1%
Canada
53.1%
Fort Hancock Mexico
43.9%
Canada
53.2%

Today's Daily Dose

Missing Word
Celine Dion

Word Ladder
Dr. Seuss Books

Quick Pick
Cities in India

Get the Picture
'A' Actresses

You're not logged in!

Compare scores with friends on all Sporcle quizzes.
OR
Log In

Sporcle TV

Today on Sporcle TV


Watch our educational content, quiz creation guides, and fun videos on Sporcle TV.

Show Comments

Extras

Top Quizzes Today


Score Distribution

Your Account Isn't Verified!

In order to create a playlist on Sporcle, you need to verify the email address you used during registration. Go to your Sporcle Settings to finish the process.

Report this User

Report this user for behavior that violates our Community Guidelines.

Details: